Statystyki dla Najczęśćiej Występowane Drzewa w Polsce

Kliknij tutaj aby rozwiązać quiz!

Ogólne statystyki

  • Ten quiz został rozwiązany 40 razy
  • Średni wynik to 6 z 9

Statystyki odpowiedzi

%Drzewo% Poprawnych
8,0Dąb
97%
58,6Sosna
94%
5,3Świerk
92%
6,8Brzoza
75%
6,2Buk
69%
3,3Jodła
67%
1,3Grab
53%
5,7Olsza
42%
4,8Pozostałe
11%

Rozkład punktacji

Percentyl według liczby udzielonych odpowiedzi

Procent ludzi z każdym wynikiem

Twoja historia wyników

Nie rozwiązałeś tego quizu